Guess the Movie by Letterboxd Description - Part I - Statistics

General Stats
  • This quiz has been taken 24 times
  • The average score is 3 of 12
Answer Stats
Year Tagline Description Answer % Correct
2017 From this moment, everything will change. Blindsided by a new generation of blazing-fast racers, the legendary Lightning McQueen is suddenly pushed out of the sport he loves. To get back in the game, he will need the help of an eager young race technician with her own plan to win, inspiration from the late Fabulous Hudson Hornet, and a few unexpected turns. Proving that #95 isn’t through yet will test the heart of a champion on Piston Cup Racing’s biggest stage! Cars 3
64%
1990 Saving the world from _______ is a tall order for a boy they’ve turned into a mouse! A young boy named Luke and his grandmother go on vacation only to discover their hotel is hosting an international _____ convention, where the Grand High _____ is unveiling her master plan to turn all children into mice. Will Luke fall victim to the _______’ plot before he can stop them? The Witches
59%
2017 Whatever you do, do it carefully. In 1950s London, a renowned dressmaker’s meticulous lifestyle begins drastically changing as his relationship with his young muse intensifies. Phantom Thread
50%
2005 One man’s extraordinary fight to save the family he loved. The true story of boxer Jim Braddock who, following his retirement in the 1930s, makes a surprise comeback in order to lift his family out of poverty. Cinderella Man
32%
2017 Be careful what you search for. The six-member crew of the International Space Station is tasked with studying a sample from Mars that may be the first proof of extra-terrestrial ____, which proves more intelligent than ever expected. Life
27%
2005 Walk down the right back alley in ___ ____ and you can find anything… Welcome to ___ ____. This town beckons to the tough, the corrupt, the brokenhearted. Some call it dark… Hard-boiled. Then there are those who call it home — Crooked cops, sexy dames, desperate vigilantes. Some are seeking revenge, others lust after redemption, and then there are those hoping for a little of both. A universe of unlikely and reluctant heroes still trying to do the right thing in a city that refuses to care. Sin City
27%
2017 What if today was the only day of the rest of your life? Samantha Kingston has everything. Then, everything changes. After one fateful night, she wakes up with no future at all. Trapped into reliving the same day over and over, she begins to question just how perfect her life really was. Before I Fall
14%
2005 Once discovered, it was changed forever. A drama about explorer John Smith and the clash between Native Americans and English settlers in the 17th century. The New World
14%
2005 There are no little secrets. Chris, a former tennis player, looks for work as an instructor. He meets Tom Hewett, a wealthy young man whose sister Chloe falls in love with Chris. But Chris has his eye on Tom’s fiancee Nola. Match Point
9%
1990 A slightly twisted comedy. After being thrown away from home, pregnant high school dropout Maria meets Matthew, a highly educated and extremely moody electronics repairman. The two begin an unusual romance built on their sense of mutual admiration and _____. Trust
5%
1990 Finally… A film about the downwardly mobile. A radical student is adopted by a group of young New Yorkers, serves as a catalyst to alter his and their lives. Gathering in a Manhattan apartment, the group of friends meet to discuss social mobility, Fourier’s socialism and play bridge in their cocoon of upper-class society - until they are joined by a man with a critical view of their way of life. Metropolitan
0%
1990 Attila the Hun. Ivan the Terrible. Al Capone. They were all seven once. Ben Healy and his social climbing wife Flo adopt fun-loving seven year old Junior. But they soon discover he’s a little monster as he turns a camping trip, a birthday party and even a baseball game into comic nightmares. Problem Child
0%
No matching quizzes found
Score Distribution
Percent of People with Each Score
Percentile by Number Answered
Your Score History
You have not taken this quiz